ការចិញ្ចឹមត្រីទីឡាព្យាមូសំប៊ីកា (Record no. 3525)

000 -LEADER
fixed length control field 00473nam a22001577a 4500
003 - CONTROL NUMBER IDENTIFIER
control field OSt
005 - DATE AND TIME OF LATEST TRANSACTION
control field 20151117142745.0
008 - FIXED-LENGTH DATA ELEMENTS--GENERAL INFORMATION
fixed length control field 151117b xxu||||| |||| 00| 0 eng d
040 ## - CATALOGING SOURCE
Transcribing agency RUA
082 ## - DEWEY DECIMAL CLASSIFICATION NUMBER
Classification number FIS សូ 1990B144 Or.1
100 ## - MAIN ENTRY--PERSONAL NAME
9 (RLIN) 3790
Personal name សូ វុឌ្ឍីនី
245 ## - TITLE STATEMENT
Title ការចិញ្ចឹមត្រីទីឡាព្យាមូសំប៊ីកា
260 ## - PUBLICATION, DISTRIBUTION, ETC. (IMPRINT)
Place of publication, distribution, etc. Phnom Penh
Name of publisher, distributor, etc. RUA
Date of publication, distribution, etc. 1990
300 ## - PHYSICAL DESCRIPTION
Extent 57p.
Other physical details ill.
Dimensions 29cm.
942 ## - ADDED ENTRY ELEMENTS (KOHA)
Source of classification or shelving scheme
Koha item type FIS
Holdings
Price effective from Date last seen Permanent Location Not for loan Date acquired Source of classification or shelving scheme Koha item type Lost status Withdrawn status Date last checked out Total Checkouts Shelving location Damaged status Barcode Current Location Full call number
2015-11-172015-11-17Library Block B 2015-11-17 FIS    B144 RUA021080Library Block BFIS សូ 1990B144 Or.1
2015-11-172017-01-18Library Block B 2015-11-17 FIS  2017-01-021B144 RUA007591Library Block BFIS សូ 1990B144 Or.2
មជ្ឈមណ្ឌលឯការនៃសាកលវិទ្យាល័យភូមិន្ទកសិកម្មចំការដូង

Powered by Koha